Előadóülést tart a Biológiai Társaság az iskolareformról [rövid hír]
Elmentve itt :
| Dokumentumtípus: | Cikk |
|---|---|
| Megjelent: |
1960-11-24
|
| Sorozat: | Délmagyarország
|
| Kulcsszavak: | Oktatásügy Szeged 1960 |
| Online Access: | http://dmarchiv.bibl.u-szeged.hu/36164 |
| LEADER | 00450nab a2200145 i 4500 | ||
|---|---|---|---|
| 001 | delm36164 | ||
| 005 | 20180927112830.0 | ||
| 008 | 180927s1960 hu o 0|| hun d | ||
| 040 | |a SZTE Délmagyarország Archívum |b hun | ||
| 041 | |a hun | ||
| 245 | 0 | 0 | |a Előadóülést tart a Biológiai Társaság az iskolareformról |h [elektronikus dokumentum] : |b [rövid hír] |
| 260 | |c 1960-11-24 | ||
| 300 | |a 6 | ||
| 490 | 0 | |a Délmagyarország | |
| 695 | |a Oktatásügy Szeged 1960 | ||